Digital Hampi (Record no. 352970)

MARC details
000 -LEADER
fixed length control field 00510nam a2200169Ia 4500
008 - FIXED-LENGTH DATA ELEMENTS--GENERAL INFORMATION
fixed length control field 230718s9999 xx 000 0 und d
020 ## - INTERNATIONAL STANDARD BOOK NUMBER
International Standard Book Number 9789811932182
041 ## - LANGUAGE CODE
Language code of text/sound track or separate title eng
082 ## - DEWEY DECIMAL CLASSIFICATION NUMBER
Classification number 363.69
Item number MAL
100 ## - MAIN ENTRY--PERSONAL NAME
Personal name Mallik A.
9 (RLIN) 203197
245 ## - TITLE STATEMENT
Title Digital Hampi
Remainder of title Preserving Indian Cultural Heritage
260 ## - PUBLICATION, DISTRIBUTION, ETC. (IMPRINT)
Date of publication, distribution, etc. 2022
Name of publisher, distributor, etc. Springer
300 ## - PHYSICAL DESCRIPTION
Extent 403
365 ## - TRADE PRICE
Currency code Rs.
Price amount 1995.00
700 ## - ADDED ENTRY--PERSONAL NAME
Personal name Mallik A.; Chaudhary S.; Chandru V. & Srinivasan S.
9 (RLIN) 203198
906 ## - LOCAL DATA ELEMENT F, LDF (RLIN)
d O:0760712-Nov-2022B:IN39910-Oct-2022
c TC
b 498.75
Holdings
Withdrawn status Lost status Damaged status Not for loan Home library Current library Date acquired Vendor Budget Code Cost, normal purchase price Bill number Total Checkouts Full call number Barcode Date last seen Discount Cost, replacement price Bill Date Koha item type Original Barcode
        Cummins College of Engineering for Women Pune Cummins College of Engineering for Women Pune 12/11/2022 Pradeep Book Distributors TC 1496.25 IN399   363.69 CCEP-BK-64181 18/07/2023 498.75 1995.00 10/10/2022 Books 064181